[Event "DEM U14w 2000"]
[Site "Überlingen GER"]
[Date "2000.06.04"]
[Round "2"]
[White "Wölfer, Wiebke"]
[Black "Schulz, Stefanie"]
[Result "1/2-1/2"]
[Termination "normal"]
[Board "12"]
[WhiteElo "1160"]
[BlackElo "605"]
[PlyCount "106"]
[BlackFideId "4693060"]
[EventCountry "GER"]
[EventRounds "9"]
[EventType "swiss"]
[EventDate "2000.06.03"]

1. e4 e5 2. Nf3 Nc6 3. Bc4 Bc5 4. d3 d6 5. Bg5 f6 6. Bxg8 Rxg8 7. Be3 Bxe3 8.
fxe3 Bg4 9. Nbd2 Qd7 10. c3 O-O-O 11. b4 d5 12. h3 Bxf3 13. Nxf3 dxe4 14. dxe4
Qxd1+ 15. Rxd1 Rxd1+ 16. Kxd1 Rd8+ 17. Ke2 g5 18. g4 b5 19. h4 h6 20. hxg5 hxg5
21. Nd2 a5 22. bxa5 Nxa5 23. a4 bxa4 24. Ra1 Nb3 25. Nxb3 axb3 26. Rb1 Rh8 27.
Rxb3 Rh4 28. Kf3 Kd7 29. Kg3 Kc6 30. Rb4 Kc5 31. Rb7 c6 32. Re7 Rh6 33. Re6 Kb5
34. Kf2 c5 35. Ke2 c4 36. Rd6 Ka4 37. Rb6 Ka5 38. Rb4 Rh2+ 39. Kf3 Rh3+ 40. Kf2
Rh2+ 41. Kg3 Re2 42. Kf3 Rc2 43. Rxc4 Kb5 44. Rc7 Rc1 45. Rf7 Kc4 46. Ke2 Rxc3
47. Rxf6 Rc2+ 48. Kd1 Rg2 49. Rf5 Kd3 50. Ke1 Kxe4 51. Rxg5 Kxe3 52. Rxe5+ Kf4
53. Ra5 Rxg4 1/2-1/2

[Event "DEM U14w 2000"]
[Site "Überlingen GER"]
[Date "2000.06.06"]
[Round "4"]
[White "Beltz, Franziska"]
[Black "Schlander, Sabine"]
[Result "0-1"]
[Termination "normal"]
[Board "1"]
[WhiteElo "1681"]
[BlackElo "2170"]
[PlyCount "66"]
[WhiteFideId "4681401"]
[BlackFideId "4658949"]
[EventCountry "GER"]
[EventRounds "9"]
[EventType "swiss"]
[EventDate "2000.06.03"]

1. e4 e6 2. d4 d5 3. Nc3 Bb4 4. exd5 exd5 5. Bd3 c6 6. Qf3 Qf6 7. a3 Bxc3+ 8.
bxc3 Qxf3 9. Nxf3 Ne7 10. Bf4 Bf5 11. Rb1 b6 12. Bxb8 Rxb8 13. Ne5 Rc8 14. Kd2
f6 15. Nf3 Be4 16. Ne1 Kf7 17. f3 Bg6 18. Bxg6+ hxg6 19. Nd3 Nf5 20. h3 Nd6 21.
Nb2 c5 22. Rhe1 cxd4 23. cxd4 Nb5 24. Re3 Nxd4 25. Rd3 Rxc2+ 26. Kd1 Rxg2 27.
Rxd4 Rg1+ 28. Kc2 Rc8+ 29. Nc4 Rg2+ 30. Kb3 dxc4+ 31. Rxc4 Rxc4 32. Kxc4 Rg3
33. Rb3 Rxh3 0-1

[Event "DEM U14w 2000"]
[Site "Überlingen GER"]
[Date "2000.06.06"]
[Round "4"]
[White "Krege, Sandra"]
[Black "Wagle, Marina"]
[Result "0-1"]
[Termination "normal"]
[Board "2"]
[WhiteElo "1697"]
[BlackElo "1575"]
[PlyCount "96"]
[WhiteFideId "4680910"]
[EventCountry "GER"]
[EventRounds "9"]
[EventType "swiss"]
[EventDate "2000.06.03"]

1. e4 c5 2. Nf3 d6 3. d4 cxd4 4. Nxd4 g6 5. Nc3 Bg7 6. Be3 Nf6 7. Bc4 O-O 8. f3
Nc6 9. Qd2 Bd7 10. O-O-O Rc8 11. Bb3 Ne5 12. Bh6 Nc4 13. Bxc4 Rxc4 14. Bxg7
Kxg7 15. f4 Qa5 16. Nb3 Qc7 17. Rde1 b5 18. e5 dxe5 19. fxe5 Ng8 20. Nd5 Qd8
21. Ne3 Rc7 22. Rd1 Qc8 23. Qd4 e6 24. h4 Bc6 25. Qg4 h5 26. Qg5 Be4 27. Nd4
Rc5 28. Qf4 Bd5 29. Nxd5 Rxd5 30. Rhf1 Qd7 31. Rf2 Rd8 32. Rfd2 Qb7 33. Kb1 a5
34. Rd3 R8d7 35. g4 hxg4 36. Qxg4 Qc7 37. Qg5 Qb6 38. Qf4 f6 39. exf6+ Nxf6 40.
c3 e5 41. Qg3 exd4 42. Qg1 Qe6 43. cxd4 Qe4 44. Ka1 Qxh4 45. Rg3 Qh5 46. Rgd3
Ng4 47. Qe1 Ne5 48. Rc3 Nf3 0-1

[Event "DEM U14w 2000"]
[Site "Überlingen GER"]
[Date "2000.06.06"]
[Round "4"]
[White "Brethauer, Sarah"]
[Black "Frey, Claudia"]
[Result "1-0"]
[Termination "normal"]
[Board "3"]
[WhiteElo "1676"]
[BlackElo "1390"]
[PlyCount "83"]
[WhiteFideId "24605220"]
[BlackFideId "24614513"]
[EventCountry "GER"]
[EventRounds "9"]
[EventType "swiss"]
[EventDate "2000.06.03"]

1. e4 e5 2. Bc4 Nf6 3. d3 c6 4. Nf3 d5 5. exd5 cxd5 6. Bb3 Bd6 7. Bg5 Be6 8.
Nc3 Nbd7 9. Bxd5 Bxd5 10. Nxd5 Qa5+ 11. Nc3 Qb6 12. Rb1 O-O 13. O-O h6 14. Be3
Qc7 15. Nb5 Qb8 16. Nxd6 Qxd6 17. Nd2 Nd5 18. Nc4 Qg6 19. Qf3 Nxe3 20. Qxe3
Rfe8 21. Rfe1 f5 22. Qf3 e4 23. dxe4 fxe4 24. Qf4 Qe6 25. b3 Nc5 26. Qe3 b6 27.
Nd2 Qc6 28. Re2 Re6 29. Rbe1 Rae8 30. Nf1 Nd7 31. Ng3 Nf6 32. Nf5 Qd5 33. Qf4
Nh5 34. Qg4 Rf8 35. Ne3 Nf6 36. Nxd5 Nxg4 37. h3 e3 38. Nxe3 Nxe3 39. Rxe3 Rc6
40. c4 Rcf6 41. f3 Rd8 42. Re8+ 1-0

[Event "DEM U14w 2000"]
[Site "Überlingen GER"]
[Date "2000.06.06"]
[Round "4"]
[White "Katte, Isabel"]
[Black "Helmbold, Irene"]
[Result "1-0"]
[Termination "normal"]
[Board "4"]
[WhiteElo "1375"]
[BlackElo "1412"]
[PlyCount "95"]
[WhiteFideId "24612987"]
[BlackFideId "24600873"]
[EventCountry "GER"]
[EventRounds "9"]
[EventType "swiss"]
[EventDate "2000.06.03"]

1. Nf3 c5 2. g3 Nc6 3. d3 d6 4. Bg2 g6 5. c4 Bg7 6. Nc3 e6 7. Bd2 Nge7 8. Qc1
Nf5 9. e3 Bd7 10. a3 Rb8 11. Rb1 b6 12. O-O O-O 13. b4 Qc8 14. b5 Nd8 15. a4 a6
16. Bh3 Ne7 17. Qc2 Ra8 18. Bg2 Rb8 19. Ra1 a5 20. Rad1 d5 21. Ne2 Nf5 22. e4
Ne7 23. exd5 exd5 24. Bg5 f6 25. Bf4 Ra8 26. cxd5 Nxd5 27. Bd6 Re8 28. Ng5 Be6
29. Nxe6 Qxe6 30. Nf4 Nxf4 31. Bxa8 Ne2+ 32. Kh1 Qxd6 33. Rde1 Ne6 34. Rxe2
Rxa8 35. Qc4 Kf7 36. Rfe1 Re8 37. Rd1 Qd4 38. Qa2 f5 39. Rde1 Qd7 40. h3 Bd4
41. g4 Kf6 42. f3 Nc7 43. Rxe8 Nxe8 44. Qg8 Nc7 45. Qf8+ Kg5 46. Kg2 h5 47. h4+
Kxh4 48. Qh6 1-0

[Event "DEM U14w 2000"]
[Site "Überlingen GER"]
[Date "2000.06.06"]
[Round "4"]
[White "Janotta, Steffi"]
[Black "Forchmann, Anneliese"]
[Result "1-0"]
[Termination "normal"]
[Board "5"]
[WhiteElo "1356"]
[BlackElo "1376"]
[PlyCount "47"]
[WhiteFideId "4696344"]
[EventCountry "GER"]
[EventRounds "9"]
[EventType "swiss"]
[EventDate "2000.06.03"]

1. e4 e6 2. d4 d5 3. e5 c5 4. c3 Nc6 5. Nf3 Qb6 6. a3 c4 7. Nbd2 f6 8. Qe2 Bd7
9. g3 Be7 10. Bh3 f5 11. Rb1 Na5 12. Qd1 Qc7 13. Ng5 g6 14. Ngf3 g5 15. Nxg5
Bxg5 16. Qh5+ Kf8 17. Qxg5 Ba4 18. g4 Bc2 19. Ra1 fxg4 20. Bxg4 Qf7 21. Rg1 h6
22. Qh4 Ne7 23. Bh5 Qh7 24. Qf6+ 1-0

[Event "DEM U14w 2000"]
[Site "Überlingen GER"]
[Date "2000.06.06"]
[Round "4"]
[White "Zhang, Fan"]
[Black "Gudzik, Georgina"]
[Result "1/2-1/2"]
[Termination "normal"]
[Board "6"]
[WhiteElo "1054"]
[BlackElo "1356"]
[PlyCount "113"]
[WhiteFideId "24609730"]
[EventCountry "GER"]
[EventRounds "9"]
[EventType "swiss"]
[EventDate "2000.06.03"]

1. d4 d5 2. c4 Nf6 3. cxd5 Nxd5 4. e4 Nf6 5. Nc3 Nc6 6. Bb5 Bd7 7. e5 Ng8 8.
Be3 a6 9. Bd3 e6 10. a3 Nge7 11. Be4 Nf5 12. Qd2 Rb8 13. b4 Nce7 14. Bg5 h6 15.
Bxe7 Bxe7 16. Nge2 Bg5 17. Qd3 O-O 18. O-O g6 19. f4 Be7 20. Rf3 c6 21. Rh3 Kh7
22. Ng3 Rh8 23. Rf1 Kg8 24. Nge2 a5 25. Qc4 axb4 26. axb4 b5 27. Qb3 Be8 28.
Rd1 Bf8 29. g4 Ne7 30. Rg3 Nd5 31. f5 g5 32. f6 Nxb4 33. Kg2 Nd5 34. Rh1 Nxf6
35. exf6 Qxf6 36. Rf3 Qd8 37. Rhf1 Bg7 38. Qb4 f6 39. Kg1 h5 40. h3 hxg4 41.
hxg4 Qc7 42. R1f2 e5 43. dxe5 Qxe5 44. Rf5 Qc7 45. R5f3 Rh4 46. Rg3 Bf7 47. Qc5
Rc8 48. Bf5 Rb8 49. Be4 Qb6 50. Qxc6 Qxc6 51. Bxc6 b4 52. Nd5 b3 53. Nxf6+ Bxf6
54. Rxf6 b2 55. Nc3 b1=Q+ 56. Nxb1 Rxb1+ 57. Rf1 1/2-1/2

[Event "DEM U14w 2000"]
[Site "Überlingen GER"]
[Date "2000.06.06"]
[Round "4"]
[White "Wolowski, Laura"]
[Black "Schulz, Stefanie"]
[Result "1/2-1/2"]
[Termination "normal"]
[Board "7"]
[WhiteElo "1088"]
[BlackElo "605"]
[PlyCount "130"]
[BlackFideId "4693060"]
[EventCountry "GER"]
[EventRounds "9"]
[EventType "swiss"]
[EventDate "2000.06.03"]

1. e4 e5 2. Nf3 Nc6 3. Bc4 Bc5 4. Nc3 Nf6 5. d3 d6 6. Bg5 O-O 7. Nd5 Be6 8.
Nxf6+ gxf6 9. Bxe6 fxe6 10. Be3 Bb6 11. Qe2 d5 12. O-O-O d4 13. Bh6 Re8 14. Nd2
Ne7 15. h4 Kh8 16. Nc4 Rg8 17. g3 c5 18. Rdg1 Bc7 19. g4 Ng6 20. Qf3 b5 21. Nd2
Bd6 22. g5 Bf8 23. Bxf8 Qxf8 24. Qxf6+ Qxf6 25. gxf6 Nf4 26. Kd1 Rxg1+ 27. Rxg1
Rf8 28. Rg5 Rg8 29. Nf3 Rxg5 30. hxg5 Ng6 31. Nd2 h5 32. gxh6 Kh7 33. Nb3 c4
34. dxc4 bxc4 35. Nc5 Nf8 36. Kd2 Kxh6 37. Nb7 Nd7 38. f7 Kg7 39. Nd6 Nb6 40.
f3 Kf8 41. a3 Ke7 42. Ke2 c3 43. bxc3 dxc3 44. Kd3 Nd7 45. Nb5 a6 46. Nxc3 Kxf7
47. Na4 Ke7 48. Kc4 Kd6 49. c3 Kc6 50. Nb2 Nb8 51. Nd3 Nd7 52. Nb2 Nb8 53. Kd3
Kd7 54. Nc4 Nc6 55. a4 Kc7 56. Nb2 Na5 57. Nc4 Nxc4 58. Kxc4 Kc6 59. Kb4 Kb6
60. c4 a5+ 61. Kb3 Kc6 62. Kc3 Kd6 63. Kd3 Kc5 64. Kc3 Kc6 65. Kd3 Kc5 1/2-1/2

[Event "DEM U14w 2000"]
[Site "Überlingen GER"]
[Date "2000.06.06"]
[Round "4"]
[White "Sdunzik, Jennifer"]
[Black "Schöne, Maria"]
[Result "1/2-1/2"]
[Termination "normal"]
[Board "8"]
[WhiteElo "1222"]
[BlackElo "1634"]
[PlyCount "66"]
[WhiteFideId "24620475"]
[BlackFideId "4681410"]
[EventCountry "GER"]
[EventRounds "9"]
[EventType "swiss"]
[EventDate "2000.06.03"]

1. e4 c5 2. Nf3 d6 3. d4 cxd4 4. Nxd4 Nf6 5. Nc3 g6 6. Be3 Bg7 7. f3 Nc6 8. Bc4
Qb6 9. Nf5 Qxb2 10. Nxg7+ Kf8 11. Bd2 Kxg7 12. Rb1 Qa3 13. Nb5 Qc5 14. Bd5 Nxd5
15. exd5 Ne5 16. h4 a6 17. Nc3 Nc4 18. Bc1 b5 19. h5 Bf5 20. g4 Ne3 21. Qd2
Nxc2+ 22. Kd1 Ne3+ 23. Qxe3 Qxe3 24. Bxe3 Bxb1 25. Nxb1 Rac8 26. Kd2 Rc4 27.
Kd3 Rhc8 28. hxg6 hxg6 29. Bd4+ f6 30. Re1 Kf7 31. Nc3 R4c7 32. Re6 Rb7 33. Ne4
Rd8 1/2-1/2

[Event "DEM U14w 2000"]
[Site "Überlingen GER"]
[Date "2000.06.06"]
[Round "4"]
[White "Hallmann, Bettina"]
[Black "König, Daniela"]
[Result "1/2-1/2"]
[Termination "normal"]
[Board "10"]
[WhiteElo "1310"]
[BlackElo "1095"]
[PlyCount "38"]
[EventCountry "GER"]
[EventRounds "9"]
[EventType "swiss"]
[EventDate "2000.06.03"]

1. e4 e5 2. Nf3 Nc6 3. Nc3 Nf6 4. Bb5 Bb4 5. d3 d6 6. Bg5 Bxc3+ 7. bxc3 Bd7 8.
O-O a6 9. Ba4 h6 10. Bh4 O-O 11. Re1 Re8 12. h3 b5 13. Bb3 Na5 14. Qd2 Nxb3 15.
axb3 a5 16. Ra3 Re6 17. Rea1 c5 18. Qe3 Qb6 19. Bxf6 Rxf6 1/2-1/2

[Event "DEM U14w 2000"]
[Site "Überlingen GER"]
[Date "2000.06.06"]
[Round "4"]
[White "Wölfer, Wiebke"]
[Black "Kunz, Katharina"]
[Result "0-1"]
[Termination "normal"]
[Board "11"]
[WhiteElo "1160"]
[BlackElo "637"]
[PlyCount "100"]
[EventCountry "GER"]
[EventRounds "9"]
[EventType "swiss"]
[EventDate "2000.06.03"]

1. e4 e5 2. Nf3 Nc6 3. Bc4 Nf6 4. Ng5 d5 5. exd5 Nxd5 6. Nxf7 Kxf7 7. Qf3+ Ke6
8. Nc3 Ncb4 9. a3 Nxc2+ 10. Kd1 Nxa1 11. Bxd5+ Kd7 12. Qf5+ Kd6 13. Nb5+ Kxd5
14. Qd3+ Kc6 15. Qxd8 Bg4+ 16. f3 Rxd8 17. Nxa7+ Kb6 18. fxg4 Kxa7 19. Re1 Nb3
20. Rxe5 Bd6 21. Re3 Nxc1 22. Kxc1 Bxh2 23. g3 Rhe8 24. Rf3 Rd6 25. Rf7 Rc6+
26. Kb1 Rg8 27. Rf3 g6 28. d3 h5 29. gxh5 gxh5 30. Ka2 Rxg3 31. Rf5 h4 32. Rh5
Rxd3 33. Rxh4 Be5 34. Re4 Bf6 35. Rf4 Rd2 36. Rb4 Rb6 37. Rxb6 Kxb6 38. Kb3
Rxb2+ 39. Kc4 Ka5 40. a4 Kxa4 41. Kd5 b5 42. Kc5 b4 43. Kc4 Rc2+ 44. Kd3 Rc6
45. Kd2 b3 46. Ke2 b2 47. Kd2 b1=Q 48. Ke2 Qb3 49. Kd2 Rc2+ 50. Kd1 Qb1# 0-1

[Event "DEM U14w 2000"]
[Site "Überlingen GER"]
[Date "2000.06.06"]
[Round "4"]
[White "Mersmann, Maren"]
[Black "Schaper, Wiebke Mariet"]
[Result "0-1"]
[Termination "normal"]
[Board "12"]
[WhiteElo "1111"]
[BlackElo "1145"]
[PlyCount "84"]
[EventCountry "GER"]
[EventRounds "9"]
[EventType "swiss"]
[EventDate "2000.06.03"]

1. d4 d5 2. Nf3 Nc6 3. Bf4 Bf5 4. a3 e6 5. e3 Bd6 6. Bxd6 cxd6 7. Bb5 Qa5+ 8.
Nc3 Rc8 9. O-O Nf6 10. Bd3 Bg4 11. h3 Bh5 12. Be2 O-O 13. Nd2 Bg6 14. Nb3 Qd8
15. Bf3 Ne4 16. Bxe4 Bxe4 17. Nxe4 dxe4 18. Nd2 d5 19. Rc1 b5 20. Qe2 Qb6 21.
Nb3 Na5 22. Nxa5 Qxa5 23. c3 Qb6 24. Ra1 a5 25. a4 b4 26. cxb4 Qxb4 27. Qb5 Rb8
28. Qxb4 Rxb4 29. Ra2 Rc8 30. Rb1 Rc2 31. Kf1 g5 32. g3 h5 33. Kg2 Kg7 34. h4
gxh4 35. gxh4 Kg6 36. Kg3 Kf5 37. f3 f6 38. f4 Rb3 39. Re1 Rbxb2 40. Ra3 Rg2+
41. Kh3 Rh2+ 42. Kg3 Rbg2# 0-1

[Event "DEM U14w 2000"]
[Site "Überlingen GER"]
[Date "2000.06.06"]
[Round "5"]
[White "Wagle, Marina"]
[Black "Schlander, Sabine"]
[Result "0-1"]
[Termination "normal"]
[Board "1"]
[WhiteElo "1575"]
[BlackElo "2170"]
[PlyCount "40"]
[BlackFideId "4658949"]
[EventCountry "GER"]
[EventRounds "9"]
[EventType "swiss"]
[EventDate "2000.06.03"]

1. c4 c6 2. d4 d5 3. e3 Nf6 4. Nc3 e6 5. a3 Nbd7 6. Nf3 Bd6 7. Bd2 O-O 8. cxd5
exd5 9. Bd3 Re8 10. O-O Ne4 11. Qc2 Ndf6 12. Rac1 Bg4 13. Ne1 Bc7 14. Be2 Qd6
15. f4 Nxc3 16. Bxc3 Rxe3 17. Bxg4 Nxg4 18. g3 Qe6 19. Nf3 Re2 20. Qd1 Qe3+ 0-1

[Event "DEM U14w 2000"]
[Site "Überlingen GER"]
[Date "2000.06.06"]
[Round "5"]
[White "Katte, Isabel"]
[Black "Beltz, Franziska"]
[Result "0-1"]
[Termination "normal"]
[Board "2"]
[WhiteElo "1375"]
[BlackElo "1681"]
[PlyCount "52"]
[WhiteFideId "24612987"]
[BlackFideId "4681401"]
[EventCountry "GER"]
[EventRounds "9"]
[EventType "swiss"]
[EventDate "2000.06.03"]

1. e4 c5 2. Nc3 d6 3. f4 e6 4. Nf3 a6 5. f5 exf5 6. d3 Nc6 7. Be2 Nf6 8. exf5
Bxf5 9. Bd2 d5 10. a3 Bd6 11. Bg5 Be7 12. O-O O-O 13. Qd2 Bg6 14. Rae1 Re8 15.
a4 d4 16. Na2 Nd5 17. Bxe7 Rxe7 18. Rf2 Qd7 19. Ng5 Rae8 20. Ref1 Ne3 21. Re1
Ne5 22. c3 Qxa4 23. cxd4 Qxd4 24. Nc1 N3g4 25. Bxg4 Nxg4 26. Nb3 Rxe1+ 0-1

[Event "DEM U14w 2000"]
[Site "Überlingen GER"]
[Date "2000.06.06"]
[Round "5"]
[White "Janotta, Steffi"]
[Black "Brethauer, Sarah"]
[Result "1/2-1/2"]
[Termination "normal"]
[Board "3"]
[WhiteElo "1356"]
[BlackElo "1676"]
[PlyCount "31"]
[WhiteFideId "4696344"]
[BlackFideId "24605220"]
[EventCountry "GER"]
[EventRounds "9"]
[EventType "swiss"]
[EventDate "2000.06.03"]

1. e4 c5 2. Nf3 Nc6 3. d4 cxd4 4. Nxd4 g6 5. Nc3 Bg7 6. Be3 Nf6 7. f3 O-O 8.
Qd2 d5 9. exd5 Nxd5 10. Nxc6 bxc6 11. Bd4 Bf5 12. Bxg7 Kxg7 13. Qd4+ Kg8 14.
O-O-O Nxc3 15. Qxc3 Qb6 16. Bc4 1/2-1/2

[Event "DEM U14w 2000"]
[Site "Überlingen GER"]
[Date "2000.06.06"]
[Round "5"]
[White "Helmbold, Irene"]
[Black "Krege, Sandra"]
[Result "0-1"]
[Termination "normal"]
[Board "4"]
[WhiteElo "1412"]
[BlackElo "1697"]
[PlyCount "28"]
[WhiteFideId "24600873"]
[BlackFideId "4680910"]
[EventCountry "GER"]
[EventRounds "9"]
[EventType "swiss"]
[EventDate "2000.06.03"]

1. e4 c5 2. Nf3 Nc6 3. d4 cxd4 4. Nxd4 Nf6 5. Nc3 e6 6. Bg5 Be7 7. f4 d6 8. Qd2
h6 9. Bxf6 Bxf6 10. Nb3 a6 11. O-O-O Be7 12. Be2 Qc7 13. g4 Bd7 14. f5 Bg5 0-1

[Event "DEM U14w 2000"]
[Site "Überlingen GER"]
[Date "2000.06.06"]
[Round "5"]
[White "Frey, Claudia"]
[Black "Wolowski, Laura"]
[Result "1/2-1/2"]
[Termination "normal"]
[Board "5"]
[WhiteElo "1390"]
[BlackElo "1088"]
[PlyCount "107"]
[WhiteFideId "24614513"]
[EventCountry "GER"]
[EventRounds "9"]
[EventType "swiss"]
[EventDate "2000.06.03"]

1. e4 d5 2. exd5 Qxd5 3. Nc3 Qa5 4. d4 c6 5. Nf3 Bf5 6. Bd3 Bxd3 7. Qxd3 Nf6 8.
Bd2 Qc7 9. O-O e6 10. Rfe1 Nbd7 11. d5 Nxd5 12. Nxd5 cxd5 13. Qxd5 Be7 14. Qd3
O-O 15. Bc3 Bf6 16. Bxf6 Nxf6 17. c3 Rfd8 18. Qc2 Rd5 19. Rad1 Rad8 20. Qb3 h6
21. Rxd5 Rxd5 22. Rd1 Qd7 23. Rxd5 Qxd5 24. Qxd5 Nxd5 25. Kf1 Kf8 26. g3 g5 27.
Ke2 Ke7 28. Nd4 h5 29. Kd3 a6 30. Nf3 f6 31. Nd2 f5 32. Nf3 Kf6 33. Kd4 f4 34.
Ke4 fxg3 35. fxg3 Nb6 36. Ne5 Ke7 37. Nd3 Kd6 38. Ne5 Ke7 39. Nd3 Kd6 40. Kd4
Nd7 41. Nf2 Nf6 42. Nd1 e5+ 43. Kd3 Nd5 44. Nf2 Nf6 45. Ne4+ Nxe4 46. Kxe4 Ke6
47. h3 b6 48. g4 hxg4 49. hxg4 b5 50. b3 Kd6 51. c4 bxc4 52. bxc4 a5 53. c5+
Kxc5 54. Kxe5 1/2-1/2

[Event "DEM U14w 2000"]
[Site "Überlingen GER"]
[Date "2000.06.06"]
[Round "5"]
[White "Gudzik, Georgina"]
[Black "Schulz, Stefanie"]
[Result "1-0"]
[Termination "normal"]
[Board "6"]
[WhiteElo "1356"]
[BlackElo "605"]
[PlyCount "81"]
[BlackFideId "4693060"]
[EventCountry "GER"]
[EventRounds "9"]
[EventType "swiss"]
[EventDate "2000.06.03"]

1. e4 e5 2. Nf3 Nc6 3. Bc4 Nf6 4. d3 Bc5 5. Nc3 h6 6. a3 a5 7. Be3 Bxe3 8. fxe3
d6 9. Qe2 b6 10. Bb5 Bd7 11. h3 Na7 12. Bxd7+ Qxd7 13. g4 Nb5 14. Nd5 Nxd5 15.
exd5 c6 16. dxc6 Qxc6 17. e4 f6 18. c3 O-O 19. h4 Nc7 20. g5 f5 21. gxh6 fxe4
22. hxg7 Rxf3 23. dxe4 Rf7 24. O-O-O Rxg7 25. Rdg1 Ne6 26. h5 Rxg1+ 27. Rxg1+
Kh8 28. h6 Rg8 29. Rxg8+ Kxg8 30. Qg4+ Kh7 31. Qxe6 Qc7 32. Qf6 b5 33. Kc2 b4
34. axb4 axb4 35. Qg7+ Qxg7 36. hxg7 Kxg7 37. cxb4 Kf7 38. Kc3 Ke7 39. Kc4 Kd7
40. Kd5 Kc7 41. b5 1-0

[Event "DEM U14w 2000"]
[Site "Überlingen GER"]
[Date "2000.06.06"]
[Round "5"]
[White "Ratner, Syusanna"]
[Black "Zhang, Fan"]
[Result "1-0"]
[Termination "normal"]
[Board "7"]
[WhiteElo "1263"]
[BlackElo "1054"]
[PlyCount "57"]
[BlackFideId "24609730"]
[EventCountry "GER"]
[EventRounds "9"]
[EventType "swiss"]
[EventDate "2000.06.03"]

1. e4 e6 2. d4 d5 3. e5 c5 4. Nf3 Nc6 5. c3 Qb6 6. Be2 Bd7 7. O-O Nge7 8. dxc5
Qxc5 9. Be3 Qa5 10. b4 Qc7 11. Bd4 Ng6 12. Re1 Ncxe5 13. Nxe5 Nxe5 14. Bxe5
Qxe5 15. Bf3 Qf6 16. Bxd5 Bxb4 17. Qb3 Bc5 18. Bf3 b6 19. Nd2 Rc8 20. Ne4 Qe7
21. Rad1 Rd8 22. Re2 f5 23. Nxc5 Qxc5 24. Bd5 Bc8 25. Bxe6 Rxd1+ 26. Qxd1 Bxe6
27. Rxe6+ Kf7 28. Qd7+ Kg8 29. Re8+ 1-0

[Event "DEM U14w 2000"]
[Site "Überlingen GER"]
[Date "2000.06.06"]
[Round "5"]
[White "Schöne, Maria"]
[Black "Schaper, Wiebke Mariet"]
[Result "1/2-1/2"]
[Termination "normal"]
[Board "8"]
[WhiteElo "1634"]
[BlackElo "1145"]
[PlyCount "123"]
[WhiteFideId "4681410"]
[EventCountry "GER"]
[EventRounds "9"]
[EventType "swiss"]
[EventDate "2000.06.03"]

1. e4 e5 2. Nf3 Nc6 3. Bb5 d6 4. d4 exd4 5. Nxd4 Bd7 6. O-O Nf6 7. Re1 Be7 8.
Nc3 O-O 9. Nf5 Bxf5 10. exf5 Re8 11. Bf4 d5 12. Qd2 Bb4 13. a3 Ba5 14. b4 Bb6
15. Bd3 Ng4 16. Rxe8+ Qxe8 17. Re1 Qxe1+ 18. Qxe1 Bxf2+ 19. Qxf2 Nxf2 20. Kxf2
Ne7 21. Ke3 c6 22. Na4 b6 23. g4 Re8 24. Kd4 f6 25. Bd6 Kf7 26. c4 Nc8 27. Bb8
Rd8 28. cxd5 Rxd5+ 29. Kc3 Rd7 30. Nb2 Re7 31. Ba6 Re8 32. Nc4 Ke7 33. Bxc8
Rxc8 34. Bxa7 b5 35. Na5 Kd6 36. Bf2 Ke5 37. Kd2 Kf4 38. h3 Kf3 39. Bc5 Kg3 40.
Ke3 Kxh3 41. Kf3 Ra8 42. Be7 Ra7 43. Bf8 Kh4 44. Kf4 Rf7 45. Bc5 Rc7 46. Bb6
Rc8 47. Nb3 Rg8 48. Nd4 g5+ 49. Kf3 Rc8 50. Ne2 Ra8 51. Ba5 h5 52. gxh5 Kxh5
53. Ng3+ Kh4 54. Ne4 Rf8 55. Bb6 Ra8 56. Ba5 Rf8 57. Bc7 Kh5 58. Kg3 Kh6 59.
Kg4 Kg7 60. Nc5 Ra8 61. Ba5 Rh8 62. Ne6+ 1/2-1/2

[Event "DEM U14w 2000"]
[Site "Überlingen GER"]
[Date "2000.06.06"]
[Round "5"]
[White "Forchmann, Anneliese"]
[Black "König, Daniela"]
[Result "1-0"]
[Termination "normal"]
[Board "9"]
[WhiteElo "1376"]
[BlackElo "1095"]
[PlyCount "89"]
[EventCountry "GER"]
[EventRounds "9"]
[EventType "swiss"]
[EventDate "2000.06.03"]

1. e4 e5 2. Nf3 Nc6 3. Bb5 f5 4. O-O d6 5. Re1 fxe4 6. Rxe4 Nf6 7. Re1 Be7 8.
d4 e4 9. d5 a6 10. dxc6 axb5 11. cxb7 Bxb7 12. Nd4 Qd7 13. Nc3 b4 14. Nce2 c5
15. Nb3 O-O 16. Nf4 Ng4 17. Nxc5 Qc8 18. Nxb7 Qxb7 19. Qxg4 Qc6 20. Ne6 Rf7 21.
Bh6 g6 22. Qxe4 Qb6 23. Qd4 Qc6 24. Qe4 Qc8 25. Qd5 Bf6 26. Ng5 Bxg5 27. Bxg5
Rb8 28. Re7 Qf8 29. Rxf7 Qxf7 30. Qxf7+ Kxf7 31. Rd1 Ke6 32. Bf4 Rd8 33. Kf1 d5
34. Be3 Ra8 35. b3 Rxa2 36. Rd2 Ra1+ 37. Ke2 Rh1 38. h3 Rg1 39. g3 Kd6 40. Rd4
Rh1 41. h4 Ra1 42. Rxb4 Ra2 43. Kd3 Kc6 44. Rf4 Ra7 45. Bxa7 1-0

[Event "DEM U14w 2000"]
[Site "Überlingen GER"]
[Date "2000.06.06"]
[Round "5"]
[White "Kunz, Katharina"]
[Black "Sdunzik, Jennifer"]
[Result "0-1"]
[Termination "normal"]
[Board "10"]
[WhiteElo "637"]
[BlackElo "1222"]
[PlyCount "84"]
[BlackFideId "24620475"]
[EventCountry "GER"]
[EventRounds "9"]
[EventType "swiss"]
[EventDate "2000.06.03"]

1. e4 c5 2. Nc3 e6 3. Bc4 a6 4. a3 d6 5. Nf3 Nf6 6. d3 Nc6 7. Be3 Be7 8. O-O b5
9. Ba2 Qc7 10. d4 cxd4 11. Nxd4 Bd7 12. Re1 O-O 13. Nf3 Rfd8 14. Re2 Rac8 15.
Bf4 Be8 16. Qe1 Qb6 17. Rd1 b4 18. axb4 Qxb4 19. Bb3 Na5 20. Rd4 Qb7 21. Qd1
Nxb3 22. cxb3 e5 23. Nxe5 dxe5 24. Bxe5 Rxd4 25. Bxd4 Rd8 26. f3 Bc5 27. Rd2
Bxd4+ 28. Rxd4 Qb6 29. Ne2 Bb5 30. Kh1 Rxd4 31. Nxd4 Qd6 32. Qg1 Bd7 33. Qe3
Kf8 34. h3 Qe5 35. b4 Ke8 36. b3 Kd8 37. Qd3 Ke8 38. Qe3 Kf8 39. Qd3 Bb5 40.
Qd1 Qd6 41. Qd2 Ne8 42. Kg1 Nc7 0-1

[Event "DEM U14w 2000"]
[Site "Überlingen GER"]
[Date "2000.06.06"]
[Round "5"]
[White "Hallmann, Bettina"]
[Black "Stejskal, Janina Maria"]
[Result "0-1"]
[Termination "normal"]
[Board "11"]
[WhiteElo "1310"]
[BlackElo "1180"]
[PlyCount "94"]
[BlackFideId "24601942"]
[EventCountry "GER"]
[EventRounds "9"]
[EventType "swiss"]
[EventDate "2000.06.03"]

1. e4 e5 2. Nf3 d6 3. d4 exd4 4. Nxd4 Nf6 5. Nc3 Be7 6. Bd3 O-O 7. O-O Nbd7 8.
Bg5 c6 9. Nf3 Qc7 10. Re1 b6 11. Qe2 Bb7 12. e5 dxe5 13. Nxe5 Rfe8 14. f4 Bc5+
15. Kh1 Nxe5 16. fxe5 Nd7 17. Bf4 Bd4 18. Qd2 Nxe5 19. Bxe5 Bxe5 20. h3 c5 21.
Rab1 Rad8 22. Qe2 Qd7 23. Be4 Bxc3 24. Rbd1 Bd4 25. Qf3 Bxe4 26. Rxe4 Rxe4 27.
Qxe4 Qe8 28. Qd3 g6 29. c3 Bf6 30. Qc2 Rxd1+ 31. Qxd1 Qe6 32. a3 a6 33. Kg1 b5
34. Kf2 b4 35. axb4 cxb4 36. cxb4 Qb6+ 37. Ke2 Qxb4 38. Qc2 Qxb2 39. Qxb2 Bxb2
40. Kd3 a5 41. Kc2 Ba3 42. Kb3 Bb4 43. Ka4 h5 44. Kb5 f5 45. Kc4 g5 46. Kd5 a4
47. Kc4 a3 0-1

[Event "DEM U14w 2000"]
[Site "Überlingen GER"]
[Date "2000.06.07"]
[Round "6"]
[White "Schlander, Sabine"]
[Black "Krege, Sandra"]
[Result "1/2-1/2"]
[Termination "normal"]
[Board "1"]
[WhiteElo "2170"]
[BlackElo "1697"]
[PlyCount "23"]
[WhiteFideId "4658949"]
[BlackFideId "4680910"]
[EventCountry "GER"]
[EventRounds "9"]
[EventType "swiss"]
[EventDate "2000.06.03"]

1. e4 c5 2. Nf3 Nc6 3. d4 cxd4 4. Nxd4 Nf6 5. Nc3 e6 6. Be2 Bb4 7. Bg5 Qa5 8.
Bxf6 Bxc3+ 9. Kf1 gxf6 10. bxc3 a6 11. Nxc6 bxc6 12. Qd4 1/2-1/2